Southville International School and Colleges
Your cart is empty.
  • Cart
  • Lists
    Public lists list_1 View all
    Your lists Log in to create your own lists
  • Log in to your account
  • Your cookies
  • Search history
Southville International School and Colleges
  • Advanced search
  • Recent comments
  • Most popular
  • Libraries

Log in to your account

Log in with GOOGLE


If you do not have an external account, but do have a local account, you can still log in:

  1. Home
  2. MARC view: Ideal characteristics of a best friend as perceived by grade 6 students of Southville International School /
Normal view MARC view ISBD view

Ideal characteristics of a best friend as perceived by grade 6 students of Southville International School / (Record no. 96977)

[ view plain ]
MARC details
000 -LEADER
fixed length control field 00761nam a2200205 a 4500
003 - CONTROL NUMBER IDENTIFIER
control field 0
005 - DATE AND TIME OF LATEST TRANSACTION
control field 20250415140738.0
008 - FIXED-LENGTH DATA ELEMENTS--GENERAL INFORMATION
fixed length control field 970101s19uu xx 00 eng d
050 ## - LIBRARY OF CONGRESS CALL NUMBER
Classification number PGS BF 723.F8
Item number .F316 2004
100 ## - MAIN ENTRY--PERSONAL NAME
Personal name Felix, Victor Immanuel F.
245 ## - TITLE STATEMENT
Title Ideal characteristics of a best friend as perceived by grade 6 students of Southville International School /
Statement of responsibility, etc Victor Immanuel F. Felix.
300 ## - PHYSICAL DESCRIPTION
Extent 42 pages :
Other physical details colored illustrations ;
Dimensions 28 cm.
504 ## - BIBLIOGRAPHY, ETC. NOTE
Bibliography, etc Includes bibliographical references.
650 ## - SUBJECT ADDED ENTRY--TOPICAL TERM
Topical term or geographic name as entry element Friendship in children.
650 ## - SUBJECT ADDED ENTRY--TOPICAL TERM
Topical term or geographic name as entry element Peer relationships in children.
650 ## - SUBJECT ADDED ENTRY--TOPICAL TERM
Topical term or geographic name as entry element Children
Form subdivision Attitudes.
650 ## - SUBJECT ADDED ENTRY--TOPICAL TERM
Topical term or geographic name as entry element Interpersonal relations
Form subdivision Grade school students.
650 ## - SUBJECT ADDED ENTRY--TOPICAL TERM
Topical term or geographic name as entry element Values
Form subdivision Children
-- Perception.
942 ## - ADDED ENTRY ELEMENTS (KOHA)
Source of classification or shelving scheme Library of Congress Classification
Koha item type PASS
Holdings
Withdrawn status Lost status Source of classification or shelving scheme Damaged status Home library Current library Shelving location Date acquired Source of acquisition Total Checkouts Full call number Barcode Date last seen Price effective from Koha item type
    Library of Congress Classification   Luxembourg Library Luxembourg Library Portfolio Assessment of SISC Students Section 05/05/2004 Donation   PGS BF 723.F8 .F316 2004 P0988 04/08/2014 04/08/2014 PASS

Ideal characteristics of a best friend as perceived by grade 6 students of Southville International School /

APA

Felix V. I. F., .Ideal characteristics of a best friend as perceived by grade 6 students of Southville International School. : .

Chicago

Felix Victor Immanuel F, .Ideal characteristics of a best friend as perceived by grade 6 students of Southville International School. : .

Harvard

Felix V. I. F., .Ideal characteristics of a best friend as perceived by grade 6 students of Southville International School. : .

MLA

Felix Victor Immanuel F, .: . .

  • Print
  • Cite
  • Add to your cart (remove)
  • Save record
    BIBTEX Dublin Core MARCXML MARC (non-Unicode/MARC-8) MARC (Unicode/UTF-8) MARC (Unicode/UTF-8, Standard) MODS (XML) RIS
  • More searches
    Search for this title in:
    Other Libraries (WorldCat) Other Databases (Google Scholar) Online Stores (Bookfinder.com) Open Library (openlibrary.org)

Exporting to Dublin Core...

SOUTHVILLE LIBRARY

Southville International School and Colleges Library

1281 Tropical Ave. Cor. Luxembourg St., BF Homes International, Las Pinas City

Tel. No. 8256374 / 252358 Loc. 117/146

Powered by Koha